[Event "BIrd 2014"]
[Site "SchemingMind.com"]
[Date "2014.11.19"]
[Round "-"]
[White "fouche"]
[Black "idrum"]
[Result "1-0"]
[WhiteCountry "COL"]
[BlackCountry "USA"]
[WhiteElo "1604"]
[WhiteRD "58"]
[BlackElo "1551"]
[BlackRD "74"]
[GameID "369195"]

1. f4 d5 2. Nf3 g6 3. e3 Bg7 4. Be2 Nh6 5. O-O O-O 6. Nc3 Nc6 7. a3 e5 8. fxe5 Nxe5 9. d4 Bf5 10. Nxe5 Qd6
11. Nd3 c6 12. Bf3 Rfe8 13. Bd2 a6 14. Nc5 b6 15. Nd3 Bd7 16. e4 Bxd4+ 17. Kh1 b5 18. Bxh6 Qf6 19. exd5 Rad8 20. dxc6 Bxc6
21. Bd5 Qxf1+ 22. Qxf1 Bxd5 23. Nxd5 Rxd5 24. Re1 Rdd8 25. Rxe8+ Rxe8 26. g3 Re6 27. c3 Bg7 28. Bxg7 Kxg7 29. Qf4 Re2 30. Ne5
1-0

[Event "BIrd 2014"]
[Site "SchemingMind.com"]
[Date "2014.11.19"]
[Round "-"]
[White "idrum"]
[Black "fouche"]
[Result "0-1"]
[WhiteCountry "USA"]
[BlackCountry "COL"]
[WhiteElo "1551"]
[WhiteRD "74"]
[BlackElo "1604"]
[BlackRD "58"]
[GameID "369196"]

1. f4 Nc6 2. Nf3 e6 3. Nc3 b6 4. d4 Bb7 5. Ng5 Nf6 6. e4 h6 7. Nf3 Bb4 8. Bd2 O-O 9. Bd3 Ne7 10. a3 Bxc3
11. Bxc3 d5 12. e5 Nd7 13. Qe2 c5 14. O-O Re8 15. Qf2 cxd4 16. Nxd4 Nc6 17. f5 Ncxe5 18. Be2 Nc5 19. Qf4 f6 20. Bh5 Re7
21. Be1 Rc8 22. Bf2 exf5 23. Nxf5 Rec7 24. Qg3 Kh8 25. Qe3 Nc4 26. Qg3 Ne4 27. Qf4 Nxb2 28. Nd4 Qd6 29. Qxd6 Nxd6 30. Rab1 Nbc4
31. Ne6 Re7 32. Nf4 Re4 33. Ng6+ Kg8 34. Nh4 Nd2 35. Rbc1 Nxf1
0-1

[Event "BIrd 2014"]
[Site "SchemingMind.com"]
[Date "2014.11.20"]
[Round "-"]
[White "fouche"]
[Black "grabapawn"]
[Result "0-1"]
[WhiteCountry "COL"]
[BlackCountry "USA"]
[WhiteElo "1604"]
[WhiteRD "58"]
[BlackElo "1570"]
[BlackRD "59"]
[GameID "369265"]

1. f4 d5 2. Nf3 Nc6 3. e3 Nf6 4. Be2 Bf5 5. O-O e6 6. h3 Bc5 7. Kh1 Qe7 8. a3 O-O-O 9. d3 e5 10. fxe5 Nh5
11. d4 Bb6 12. Kh2 Be4 13. c4 dxc4 14. Bxc4 f6 15. Nc3 Bg6 16. b4 fxe5 17. d5 Rhf8 18. Qe2 Nb8 19. Na4 Nd7 20. Bb2 Rf6
21. Nxb6+ Nxb6 22. Rac1 Nd7 23. e4 Nf4 24. Qc2 Kb8 25. Bb5 Rc8 26. Bxd7 Qxd7 27. Bxe5 Rf7 28. Bxf4 Rxf4 29. Ne5 Qd6 30. Rxf4 Qxe5
31. g3 h6 32. Rg4 Be8 33. Rxg7 h5 34. h4 Qxg7 35. d6 Bc6 36. a4 cxd6 37. b5 Bd7 38. Qd2 Rxc1 39. Qxc1 b6 40. Qf4 Qb2+
41. Kg1 Qd4+ 42. Kh2 Kc7 43. Qc1+ Qc5 44. Qd2 Qc4 45. Qe3 Qc2+ 46. Kg1 Qxa4 47. e5 Qa1+ 48. Kh2 Qxe5 49. Qc1+ Qc5 50. Qg5 Qf2+
0-1

[Event "BIrd 2014"]
[Site "SchemingMind.com"]
[Date "2014.11.20"]
[Round "-"]
[White "grabapawn"]
[Black "fouche"]
[Result "0-1"]
[WhiteCountry "USA"]
[BlackCountry "COL"]
[WhiteElo "1570"]
[WhiteRD "59"]
[BlackElo "1604"]
[BlackRD "58"]
[GameID "369266"]

1. f4 Nc6 2. Nf3 b6 3. Nc3 Bb7 4. d4 e6 5. e4 Bb4 6. Bb5 Nge7 7. O-O a6 8. Ba4 O-O 9. a3 Bxc3 10. bxc3 d5
11. e5 b5 12. Bb3 Na5 13. Ba2 Rc8 14. Be3 Nc4 15. Bc1 c5 16. dxc5 Rxc5 17. Nh4 Rc7 18. Qg4 d4 19. f5 exf5 20. Bg5 Qd5
21. Nxf5 Nxf5 22. Bxc4 Rxc4 23. Rxf5 d3 24. Qg3 dxc2 25. Rff1 Rxc3 26. Qg4 Rd3 27. Bf6 Qxg2+ 28. Qxg2 Bxg2 29. Kxg2 gxf6 30. exf6 Rfd8
31. Rf2 Rd1 32. Rf1 Rxa1 33. Rxa1 Rd1 34. Ra2 c1=Q 35. Re2 Rd2
0-1

[Event "BIrd 2014"]
[Site "SchemingMind.com"]
[Date "2014.11.20"]
[Round "-"]
[White "grabapawn"]
[Black "idrum"]
[Result "0-1"]
[WhiteCountry "USA"]
[BlackCountry "USA"]
[WhiteElo "1570"]
[WhiteRD "59"]
[BlackElo "1551"]
[BlackRD "74"]
[GameID "369267"]

1. f4 d5 2. Nf3 g6 3. d4 Bg7 4. Nc3 Nf6 5. e3 O-O 6. Bd3 Bg4 7. h3 Be6 8. Bd2 Nc6 9. g4 Nb4 10. Bb5 a6
11. Ba4 b5 12. Bb3 Rb8 13. Qe2 c6 14. O-O-O Qa5 15. Ng5 Bd7 16. Nb1 Nxa2+ 17. Bxa2 Qxa2 18. Bb4 Rfe8 19. Rdf1 a5 20. Bc5 a4
21. f5 Ne4 22. Nxe4 dxe4 23. fxg6 hxg6 24. h4 Be6 25. g5 Bc4 26. Qd2 Bxf1 27. Rxf1 Qc4 28. Na3 Qxf1+
0-1

[Event "BIrd 2014"]
[Site "SchemingMind.com"]
[Date "2014.11.20"]
[Round "-"]
[White "idrum"]
[Black "grabapawn"]
[Result "1-0"]
[WhiteCountry "USA"]
[BlackCountry "USA"]
[WhiteElo "1551"]
[WhiteRD "74"]
[BlackElo "1570"]
[BlackRD "59"]
[GameID "369268"]

1. f4 d5 2. Nf3 Nc6 3. e3 Nf6 4. b3 Bg4 5. Bb5 a6 6. Bxc6+ bxc6 7. Ba3 Nd7 8. Nc3 e6 9. Bxf8 Rxf8 10. Qe2 e5
11. fxe5 Nxe5 12. O-O-O Ke7 13. Na4 Re8 14. Qf2 Kf8 15. Rdf1 Qd6 16. Qh4 Qa3+ 17. Kb1 Nc4 18. Qxg4 Re4 19. Qg3 Ra7 20. Rf2 Rb7
21. Ng5 Rb4 22. Qxc7 Re7 23. Qd8+ Re8 24. Rxf7+
1-0

[Event "BIrd 2014"]
[Site "SchemingMind.com"]
[Date "2014.11.22"]
[Round "-"]
[White "fouche"]
[Black "kenneth m day"]
[Result "0-1"]
[WhiteCountry "COL"]
[BlackCountry "USA"]
[WhiteElo "1604"]
[WhiteRD "58"]
[BlackElo "1712"]
[BlackRD "48"]
[GameID "369358"]

1. f4 d5 2. Nf3 Nf6 3. e3 c5 4. Be2 Nc6 5. O-O h6 6. d3 Bg4 7. Nbd2 Qd7 8. h3 Bh5 9. Ne5 Bxe2 10. Qxe2 Nxe5
11. Nf3 Nxf3+ 12. Rxf3 e6 13. e4 dxe4 14. dxe4 O-O-O 15. Be3 Nxe4 16. Re1 f5 17. Qc4 Qc6 18. c3 Be7 19. b4 cxb4 20. Qxc6+ bxc6
21. cxb4 Bxb4 22. Rc1 Kb7 23. Bf2 Nxf2 24. Kxf2 Rd2+ 25. Kg3 Rxa2 26. Rb3 a5 27. h4 Rd8
0-1

[Event "BIrd 2014"]
[Site "SchemingMind.com"]
[Date "2014.11.22"]
[Round "-"]
[White "kenneth m day"]
[Black "fouche"]
[Result "0-1"]
[WhiteCountry "USA"]
[BlackCountry "COL"]
[WhiteElo "1691"]
[WhiteRD "48"]
[BlackElo "1638"]
[BlackRD "58"]
[GameID "369359"]

1. f4 c5 2. e4 Nc6 3. Nf3 d6 4. Nc3 Bd7 5. Bc4 e6 6. O-O Be7 7. a3 a6 8. d3 Qc7 9. Be3 O-O-O 10. Qe2 h6
11. Rfb1 f6 12. b4 cxb4 13. axb4 g5 14. b5 axb5 15. Bxb5 Kb8 16. Na4 h5 17. Bb6 Qc8 18. Bxd8 Qxd8 19. Qe3 gxf4 20. Nb6 fxe3
21. Ra8+ Kc7 22. Rxd8 Bxd8 23. Nc4 h4 24. Nxe3 h3 25. g3 f5 26. Nc4 fxe4 27. dxe4 Nf6 28. Ncd2 Ng4 29. Be2 Nge5 30. Nxe5 Nxe5
31. c4 Bc6 32. Rc1 Bg5 33. Rc2 Bxd2 34. Rxd2 Bxe4 35. Rb2 Ra8 36. Rb3 Ra1+ 37. Kf2 Rh1
0-1

[Event "BIrd 2014"]
[Site "SchemingMind.com"]
[Date "2014.11.22"]
[Round "-"]
[White "grabapawn"]
[Black "kenneth m day"]
[Result "0-1"]
[WhiteCountry "USA"]
[BlackCountry "USA"]
[WhiteElo "1570"]
[WhiteRD "59"]
[BlackElo "1712"]
[BlackRD "48"]
[GameID "369360"]

1. f4 d5 2. Nf3 Nf6 3. d3 Bg4 4. Nc3 e6 5. h3 Bh5 6. g4 Bg6 7. Be3 Nc6 8. Qd2 Bd6 9. Bg2 O-O 10. O-O-O Re8
11. g5 Nd7 12. Nh4 Bh5 13. Nb5 Bb4 14. c3 Ba5 15. Bf3 Bxf3 16. Nxf3 a6 17. Nbd4 Bb6 18. h4 Ne7 19. h5 Nf5 20. Nxf5 exf5
21. Rdg1 Bxe3 22. g6 fxg6 23. hxg6 h6
0-1

[Event "BIrd 2014"]
[Site "SchemingMind.com"]
[Date "2014.11.22"]
[Round "-"]
[White "kenneth m day"]
[Black "grabapawn"]
[Result "1-0"]
[WhiteCountry "USA"]
[BlackCountry "USA"]
[WhiteElo "1712"]
[WhiteRD "48"]
[BlackElo "1570"]
[BlackRD "59"]
[GameID "369361"]

1. f4 Nc6 2. Nf3 Nf6 3. Nc3 d6 4. e4 e5 5. Bb5 Bd7 6. O-O a6 7. Ba4 Be7 8. a3 Bg4 9. d3 O-O 10. fxe5 Nxe5
11. Be3 b5 12. Bb3 c6 13. d4 Nc4 14. Bxc4 bxc4 15. Qe2 d5 16. Bf2 Qc7 17. Bg3 Qd7 18. e5 Nh5 19. Be1 Nf4 20. Qe3 Qf5
21. Nh4 Qg5 22. Qxf4 h6 23. Qxg5 hxg5 24. Nf5 Bd8 25. Nd6 f6 26. h3 Be6 27. h4 g4 28. Bg3 Ra7 29. exf6 gxf6 30. Rae1 Re7
31. Nf5 Ree8 32. Bd6 Rf7 33. Nh6+ Kg7 34. Nxf7 Kxf7 35. Na4 Ba5 36. Re2 Bd8 37. Nc5 Bc8 38. Rxe8 Kxe8 39. h5 Kf7 40. h6 Kg8
41. Re1 Kf7 42. Kf2 a5 43. h7 Kg7 44. h8=Q+ Kxh8 45. Re8+ Kg7 46. Rxd8 Bf5 47. c3 Bc2= 48. Ne6+ Kg6 49. g3 Kf5 50. Nf4 a4
51. Rc8 Be4 52. Rxc6 Kg5 53. Be7 Kh6 54. Bxf6 Bf5 55. Rd6 Kh7 56. Rd8
1-0

[Event "BIrd 2014"]
[Site "SchemingMind.com"]
[Date "2014.11.22"]
[Round "-"]
[White "kenneth m day"]
[Black "idrum"]
[Result "1-0"]
[WhiteCountry "USA"]
[BlackCountry "USA"]
[WhiteElo "1712"]
[WhiteRD "48"]
[BlackElo "1551"]
[BlackRD "74"]
[GameID "369362"]

1. f4 d5 2. Nf3 g6 3. Nc3 Nf6 4. e3 Nc6 5. Bb5 Bd7 6. O-O Bh6 7. b3 Bg4 8. Bb2 Qd6 9. Qe2 a6 10. Bxc6+ bxc6
11. Qd3 Bf5 12. Qd4 O-O 13. d3 Rab8 14. Ne5 c5 15. Qa4 d4 16. exd4 cxd4 17. Ne2 Nd5 18. Bxd4 Bc8 19. c4 Nxf4 20. c5 Qf6
21. Ng3 Nh3+ 22. gxh3 Qe6 23. Rae1 Bd2 24. Re2 Rb4 25. Qc6 Bg5 26. Qe4 f5 27. Qc6 Rxd4 28. Qxe6+ Bxe6 29. Nf3 Rxd3 30. Nxg5 Bd5
31. Rxe7 Rd2 32. Re2
1-0

[Event "BIrd 2014"]
[Site "SchemingMind.com"]
[Date "2014.11.22"]
[Round "-"]
[White "idrum"]
[Black "kenneth m day"]
[Result "0-1"]
[WhiteCountry "USA"]
[BlackCountry "USA"]
[WhiteElo "1551"]
[WhiteRD "74"]
[BlackElo "1712"]
[BlackRD "48"]
[GameID "369363"]

1. f4 d5 2. Nf3 Nc6 3. e3 Nf6 4. b3 Bg4 5. Nc3 e6 6. Bb5 Qd6 7. a3 O-O-O 8. Qe2 Be7 9. Qf2 a6 10. Bd3 e5
11. fxe5 Nxe5 12. Nxe5 Qxe5 13. Bb2 d4 14. O-O dxc3 15. Bxc3 Qg5 16. Qg3 h5 17. h4 Qd5 18. Bc4 Qd6 19. Be5 Qxd2 20. Bxc7 Rd7
21. Be5 Bd6 22. Qf4 Bxe5 23. Qxe5 Re8 24. Qc5+ Rc7 25. Be6+ Bxe6 26. Qg5 Bg4 27. c4 Qxe3+ 28. Kh2 Qxg5 29. hxg5 Ne4 30. Rfe1 Rce7
31. Re3 Nxg5
0-1

[Event "BIrd 2014"]
[Site "SchemingMind.com"]
[Date "2014.11.29"]
[Round "-"]
[White "fouche"]
[Black "Mastermind_13"]
[Result "1/2-1/2"]
[WhiteCountry "COL"]
[BlackCountry "USA"]
[WhiteElo "1638"]
[WhiteRD "58"]
[BlackElo "1680"]
[BlackRD "67"]
[GameID "369711"]

1. f4 d5 2. Nf3 Nf6 3. e3 g6 4. Be2 Bg7 5. O-O O-O 6. c3 c5 7. h3 Nc6 8. Na3 a6 9. Nc2 Bf5 10. d4 cxd4
11. exd4 Ne4 12. Ne3 Qc7 13. Nxf5 gxf5 14. Bd3 e6 15. Ne5 Nxe5 16. fxe5 Kh8 17. Bxe4 dxe4 18. Bf4 Qc4 19. Qc2 Rac8 20. Rac1 b5
21. b3 Qd5 22. Rfd1 Rfd8 23. Kh2 a5 24. Qe2 Qb7 25. c4 b4 26. Qh5 Rd7 27. Bh6 Rg8 28. Bxg7+ Rxg7 29. d5 exd5 30. cxd5 Rxd5
31. Rxd5 Qxd5 32. Qxf5 Rxg2+ 33. Kxg2 Qd2+ 34. Kg3 Qxc1 35. Qxe4 Qc3+ 36. Kg4 Qd2 37. Kf5 Qh6 38. Qa8+ Kg7 39. Qg2+ Kf8 40. Qa8+ Kg7
41. Qg2+ Kf8 42. Qa8+ Kg7 43. Qg2+=
1/2-1/2

[Event "BIrd 2014"]
[Site "SchemingMind.com"]
[Date "2014.11.29"]
[Round "-"]
[White "Mastermind_13"]
[Black "fouche"]
[Result "1-0"]
[WhiteCountry "USA"]
[BlackCountry "COL"]
[WhiteElo "1708"]
[WhiteRD "78"]
[BlackElo "1604"]
[BlackRD "58"]
[GameID "369712"]

1. f4 c5 2. Nf3 Nc6 3. g3 d5 4. Bg2 Bd7 5. O-O Nf6 6. d3 e6 7. e3 Bd6 8. Nbd2 O-O 9. Qe1 Qc7 10. c3 b5
11. e4 dxe4 12. Nxe4 a5 13. Be3 Nxe4 14. dxe4 h6 15. e5 Be7 16. Qf2 c4 17. Rad1 Rfd8 18. Bb6 Qb7 19. Bxd8 Rxd8 20. Kh1 Rc8
21. Rd2 b4 22. Rfd1 Be8 23. Qe2 bxc3 24. bxc3 Na7 25. Nd4 Nb5 26. Bxb7
1-0

[Event "BIrd 2014"]
[Site "SchemingMind.com"]
[Date "2014.11.29"]
[Round "-"]
[White "grabapawn"]
[Black "Mastermind_13"]
[Result "0-1"]
[WhiteCountry "USA"]
[BlackCountry "USA"]
[WhiteElo "1535"]
[WhiteRD "61"]
[BlackElo "1680"]
[BlackRD "67"]
[GameID "369713"]

1. f4 d5 2. Nf3 g6 3. d4 Bg7 4. Nc3 Nf6 5. h3 c6 6. Qd3 Bf5 7. Qd2 h5 8. e3 Ne4 9. Nxe4 Bxe4 10. b3 Bxf3
11. gxf3 O-O 12. Bb2 c5 13. O-O-O e6 14. Bd3 cxd4 15. e4 Nc6 16. e5 Rc8 17. Kb1 Qb6 18. Rh2 Nb4 19. a3 Nxd3 20. Qxd3 Qd8
21. Bxd4 a6 22. h4 Qe7 23. Kb2 b5 24. c3 Qb7 25. Ka2 a5 26. Rb2 b4 27. c4 bxa3 28. Rc2 Rfe8 29. c5 Qb4 30. Rdc1 Rc6
31. Be3 Ra8 32. Bd2 Qb7 33. Rb1 Bf8 34. b4 axb4 35. Rxb4 Qa6 36. Qd4 Rac8 37. Rc3 Bxc5 38. Rxc5 Rxc5 39. Be3 Rc2+ 40. Ka1 Qf1+
41. Rb1 Qxf3 42. Bd2 a2 43. Qb4 axb1=Q+ 44. Kxb1 Qd1+
0-1

[Event "BIrd 2014"]
[Site "SchemingMind.com"]
[Date "2014.11.29"]
[Round "-"]
[White "Mastermind_13"]
[Black "grabapawn"]
[Result "0-1"]
[WhiteCountry "USA"]
[BlackCountry "USA"]
[WhiteElo "1680"]
[WhiteRD "67"]
[BlackElo "1535"]
[BlackRD "61"]
[GameID "369714"]

1. f4 Nc6 2. Nf3 Nf6 3. g3 d6 4. Bg2 e5 5. fxe5 dxe5 6. d3 Bg4 7. O-O Bc5+ 8. Kh1 O-O 9. Nbd2 Qd6 10. h3 Rfe8
11. hxg4 Nxg4 12. Ne4 Qd5 13. c4 Qe6 14. Nxc5 Qg6 15. Nh4 Qh5 16. e4 Nf2+ 17. Rxf2 Qxd1+ 18. Kh2 Qh5 19. Nd7 Re7 20. Bh3 Rd8
21. Be3 Rdxd7 22. Bxd7 Rxd7 23. Raf1 f6 24. Kg2 Rxd3 25. Nf5 Rd1 26. Rxd1 Qxd1 27. Rd2 Qa4 28. b3 Qa3 29. Kf3 g6 30. Nh6+ Kf8
31. Ng4 f5 32. exf5 gxf5 33. Bh6+ Ke7 34. Bg5+ Ke6 35. Ne3 Nd4+ 36. Kg2 Qf8 37. Nd5 Qg7 38. Be3 h5 39. Bxd4 exd4 40. Nf4+ Ke5
41. Nxh5 Qd7 42. Re2+ Kd6 43. Nf6 Qc6+ 44. Kf2 Kc5 45. Re5+ Kb4 46. Rb5+ Kc3 47. Nd5+ Kd2 48. Nb4 Qe4 49. Rd5 Qe3+ 50. Kg2 Qe4+
51. Kf2 Qe2+ 52. Kg1 Kc3 53. Rxf5 Kxb4 54. Rb5+ Kc3 55. Rxb7 d3
0-1

[Event "BIrd 2014"]
[Site "SchemingMind.com"]
[Date "2014.11.29"]
[Round "-"]
[White "kenneth m day"]
[Black "Mastermind_13"]
[Result "1-0"]
[WhiteCountry "USA"]
[BlackCountry "USA"]
[WhiteElo "1691"]
[WhiteRD "48"]
[BlackElo "1680"]
[BlackRD "67"]
[GameID "369715"]

1. f4 g6 2. Nf3 Bg7 3. e4 d6 4. Bc4 Nf6 5. Nc3 O-O 6. O-O Bg4 7. d3 c6 8. h3 Bxf3 9. Qxf3 e5 10. fxe5 dxe5
11. Bg5 Nbd7 12. Rad1 h6 13. Bh4 g5 14. Be1 Qb6+ 15. Kh2 Qc7 16. Qf5 b5 17. Bb3 a5 18. a3 a4 19. Ba2 Qd6 20. Bg3 Rae8
21. Rd2 Qe7 22. h4 g4 23. Nd1 h5 24. Ne3 Qc5 25. Re2 Re7 26. Qg5 Kh7 27. Nf5 Rg8 28. Nxe7 Qxe7 29. Ref2 Bh6 30. Qf5+ Rg6
31. Re2 Bg7 32. Qf2 Bh6 33. Qa7 Qd6 34. Bxf7 Rg7 35. Ba2 Nc5 36. Rxf6
1-0

[Event "BIrd 2014"]
[Site "SchemingMind.com"]
[Date "2014.11.30"]
[Round "-"]
[White "Mastermind_13"]
[Black "kenneth m day"]
[Result "1-0"]
[WhiteCountry "USA"]
[BlackCountry "USA"]
[WhiteElo "1680"]
[WhiteRD "67"]
[BlackElo "1691"]
[BlackRD "48"]
[GameID "369716"]

1. f4 d5 2. Nf3 Nf6 3. g3 c5 4. Bg2 Nc6 5. O-O Bg4 6. d3 e6 7. Nbd2 Be7 8. c3 O-O 9. h3 Bh5 10. g4 Bxg4
11. hxg4 Nxg4 12. Nb3 Bd6 13. Qe1 Qf6 14. Qh4 Qxh4 15. Nxh4 f5 16. e3 Rf6 17. e4 Rh6 18. exd5 Rxh4 19. dxc6 bxc6 20. Bxc6 Rd8
21. Bf3 Nh2 22. Rf2 Ng4 23. Bxg4 Rxg4+ 24. Rg2 Rh4 25. Be3 Rf8 26. Kf2 Rc8 27. Rag1 g6 28. Kf3 Rh3+ 29. Kf2 Kf7 30. Nd2 e5
31. fxe5 Bxe5 32. Nf3 Rh5 33. Nxe5+ Ke6 34. Nf3 h6 35. d4 cxd4 36. Nxd4+ Kf6 37. Rxg6+
1-0

[Event "BIrd 2014"]
[Site "SchemingMind.com"]
[Date "2014.11.29"]
[Round "-"]
[White "Mastermind_13"]
[Black "idrum"]
[Result "0-1"]
[WhiteCountry "USA"]
[BlackCountry "USA"]
[WhiteElo "1680"]
[WhiteRD "67"]
[BlackElo "1574"]
[BlackRD "76"]
[GameID "369717"]

1. f4 d5 2. Nf3 g6 3. g3 Bd7 4. Bg2 Bg7 5. d4 Nc6 6. O-O Nf6 7. Nbd2 Bf5 8. c3 Qd6 9. Qb3 O-O-O 10. Ne5 Na5
11. Qa4 Rdf8 12. Qxa5 Kb8 13. Ndf3 h6 14. Bd2 g5 15. fxg5 Ne4 16. gxh6 Bxh6 17. Bxh6 Rxh6 18. Qb4 Qd8 19. Rad1 Qe8 20. Nh4 Bh7
21. Ng4 Rb6 22. Qa5 Rxb2 23. Qxd5 Rxe2 24. Ne5 e6 25. Qc4 Rc2 26. Bxe4 Bxe4 27. Nhf3 Rh8 28. Rd2 Rxd2 29. Rf2 Rxf2 30. Kxf2 Qe7
31. h4 Qa3 32. Nd3 Bd5 33. Qb4 Qxa2+ 34. Ke3 Qg2 35. Nde5 Qxg3 36. c4 Bxf3 37. Nxf3 Re8 38. Qe1 Qxe1+ 39. Nxe1 Rh8 40. Nf3 a5
41. Kd3 Rh6 42. Ke3 b6 43. Ne5 Kc8 44. Nxf7 Rxh4 45. Ne5 Rh3+ 46. Nf3 Kd7 47. Ke4 a4 48. Nd2 Rc3
0-1

[Event "BIrd 2014"]
[Site "SchemingMind.com"]
[Date "2014.11.29"]
[Round "-"]
[White "idrum"]
[Black "Mastermind_13"]
[Result "1-0"]
[WhiteCountry "USA"]
[BlackCountry "USA"]
[WhiteElo "1551"]
[WhiteRD "74"]
[BlackElo "1708"]
[BlackRD "78"]
[GameID "369718"]

1. f4 g6 2. Nf3 Bg7 3. g3 Nf6 4. Bg2 d6 5. Nc3 O-O 6. d4 c6 7. Qd3 Re8 8. Bd2 Nbd7 9. h3 Qb6 10. Na4 Qc7
11. Ng5 b5 12. Nc3 e5 13. dxe5 dxe5 14. Nxb5 cxb5 15. Qb3 Nc5 16. Qxb5 Rb8 17. Qc6 Qxc6 18. Bxc6 Re7 19. Bc3 exf4 20. gxf4 Ba6
21. O-O-O h6 22. Nf3 Bxe2 23. Rhe1 Rb6 24. Rd8+ Kh7 25. Nd4 Nh5 26. f5 Bxd4 27. Bxd4 Rxc6 28. Rh8#
1-0

[Event "BIrd 2014"]
[Site "SchemingMind.com"]
[Date "2014.12.06"]
[Round "-"]
[White "fouche"]
[Black "Michael Christensen"]
[Result "0-1"]
[WhiteCountry "COL"]
[BlackCountry "GER"]
[WhiteElo "1601"]
[WhiteRD "60"]
[BlackElo "1715"]
[BlackRD "88"]
[GameID "369849"]

1. f4 b5 2. Nf3 Bb7 3. e4 Bxe4 4. Nc3 Bc6 5. Be2 a6 6. O-O Nf6 7. d4 e6 8. Be3 g6 9. Bd3 Bg7 10. Ne5 Bb7
11. a3 d6 12. Nf3 O-O 13. Re1 Nc6 14. Ne2 Re8 15. c4 Ng4 16. Bf2 Nxf2 17. Kxf2 bxc4 18. Bxc4 h6 19. Qd3 Na5 20. Ba2 Rc8
21. Rac1 c5 22. b4 cxb4 23. axb4 Rxc1 24. Rxc1 Nc6 25. Rb1 Qc7 26. d5 exd5 27. Bxd5 Kh7 28. b5 Qb6+ 29. Kf1 axb5 30. Rxb5 Qa6
31. Qb3 Qa1+ 32. Kf2 Ba8 33. Bxf7 Rf8 34. Bd5 Nd4 35. Nfxd4 Bxd4+ 36. Kg3 Bxd5 37. Qxd5 Qe1+ 38. Kh3 Qxe2 39. Rb7+ Bg7 40. Qxd6 h5
41. g3 Kh6 42. Qc5 Qf1+
0-1

[Event "BIrd 2014"]
[Site "SchemingMind.com"]
[Date "2014.12.06"]
[Round "-"]
[White "Michael Christensen"]
[Black "fouche"]
[Result "1/2-1/2"]
[WhiteCountry "GER"]
[BlackCountry "COL"]
[WhiteElo "1715"]
[WhiteRD "88"]
[BlackElo "1601"]
[BlackRD "60"]
[GameID "369850"]

1. f4 d6 2. Nf3 g6 3. e3 Bg7 4. Be2 Nf6 5. O-O O-O 6. Nc3 Nbd7 7. b4 a6 8. Bb2 c6 9. Qe1 d5 10. h4 Ng4
11. Ng5 h5 12. Bxg4 hxg4 13. Kf2 Nf6 14. Rh1 Bf5 15. d3 Qc7 16. Ne2 Nh7 17. Bxg7 Kxg7 18. h5 Nxg5 19. fxg5 e5 20. Rh4 c5
21. Qh1 Rh8 22. Qh2 Rh7 23. Ng3 Rah8 24. Rh1 c4 25. Nxf5+ gxf5 26. dxc4 Qxc4 27. Qxe5+ Kf8 28. Qxf5 d4 29. g6 dxe3+ 30. Kxe3 Qc3+
31. Qd3 Qe5+ 32. Qe4 Qxe4+ 33. Kxe4 fxg6 34. Rxg4 Rxh5 35. Rxh5 gxh5 36. Rf4+ Ke7 37. Kd5 h4 38. Rf2 h3 39. gxh3 Rxh3 40. Kc5 Rc3+
41. Kd4 Ra3 42. c4 a5 43. bxa5 Rxa5 44. Rc2 Kd6 45. Kc3 Kc5 46. Kb3 Ra8 47. a4 Rh8 48. a5 Rh1 49. Rc3 Rb1+ 50. Ka2 Rb4
51. Ka3= Rxc4 52. Rxc4+ Kxc4 53. Ka4 Kc5 54. a6 bxa6=
1/2-1/2

[Event "BIrd 2014"]
[Site "SchemingMind.com"]
[Date "2014.12.06"]
[Round "-"]
[White "grabapawn"]
[Black "Michael Christensen"]
[Result "0-1"]
[WhiteCountry "USA"]
[BlackCountry "GER"]
[WhiteElo "1535"]
[WhiteRD "61"]
[BlackElo "1685"]
[BlackRD "109"]
[GameID "369851"]

1. f4 e5 2. Nf3 exf4 3. d4 d5 4. Bxf4 Nf6 5. Nc3 Bd6 6. Ne5 O-O 7. Qd3 Re8 8. O-O-O b6 9. h3 Bb7 10. g4 Nc6
11. e4 dxe4 12. Qe3 Nb4 13. Bc4 Re7 14. g5 Nfd5 15. Nxd5 Nxd5 16. Qxe4 Nc3 17. bxc3 Bxe4 18. h4 Bxh1 19. Rxh1 Bxe5 20. dxe5 Qe8
21. h5 Qc6 22. Rh2 Qxc4
0-1

[Event "BIrd 2014"]
[Site "SchemingMind.com"]
[Date "2014.12.06"]
[Round "-"]
[White "Michael Christensen"]
[Black "grabapawn"]
[Result "0-1"]
[WhiteCountry "GER"]
[BlackCountry "USA"]
[WhiteElo "1631"]
[WhiteRD "103"]
[BlackElo "1562"]
[BlackRD "64"]
[GameID "369852"]

1. f4 Nc6 2. e4 e5 3. Nf3 d5 4. exd5 Qxd5 5. Nc3 Qd6 6. d4 exd4 7. Nb5 Qd7 8. Nbxd4 Nf6 9. Bb5 a6 10. Bxc6 bxc6
11. O-O Be7 12. Ne5 Qd5 13. Nexc6 Bc5 14. Re1+ Be6 15. f5 O-O 16. fxe6 Qxc6 17. exf7+ Rxf7 18. Re2 Rd8 19. Be3 Qd5 20. Rd2 Ne4
21. Rd3 Rd6 22. Qe2 Qe5 23. Rad1 Rh6 24. Nf3 Bxe3+ 25. Qxe3 Qf5 26. Rd8+ Rf8 27. Rxf8+ Kxf8 28. Rd8+ Ke7 29. Rd4 Re6 30. Qd3 Qc5
31. Kf1 Nd6 32. Rd5 Qc4
0-1

[Event "BIrd 2014"]
[Site "SchemingMind.com"]
[Date "2014.12.06"]
[Round "-"]
[White "Michael Christensen"]
[Black "kenneth m day"]
[Result "0-1"]
[WhiteCountry "GER"]
[BlackCountry "USA"]
[WhiteElo "1685"]
[WhiteRD "109"]
[BlackElo "1691"]
[BlackRD "48"]
[GameID "369853"]

1. f4 d5 2. Nf3 Nf6 3. e3 Bg4 4. Be2 c5 5. b3 Nc6 6. Bb2 e6 7. O-O Be7 8. h3 Bh5 9. g4 Bg6 10. g5 Nh5
11. Nh4 Ng3 12. Nxg6 hxg6 13. Bxg7 Rxh3 14. Kg2 Rh7 15. Kxg3 Rxg7 16. Rh1 Kd7 17. Rh4 Qc7 18. Nc3 Bxg5 19. Nb5 Bxh4+ 20. Kxh4 Rh8+
21. Kg3 Qd8 22. Bg4 Rgh7 23. Qf3 Rh2 24. Qxd5+ Ke7 25. Qxc5+ Kd7 26. Qd6+ Kc8 27. Bxe6+ fxe6 28. Qxe6+ Kb8 29. d4 Qh4+ 30. Kf3 Qf2+
31. Ke4 Qg2+ 32. Kd3 Qxc2#
0-1

[Event "BIrd 2014"]
[Site "SchemingMind.com"]
[Date "2014.12.06"]
[Round "-"]
[White "kenneth m day"]
[Black "Michael Christensen"]
[Result "1-0"]
[WhiteCountry "USA"]
[BlackCountry "GER"]
[WhiteElo "1691"]
[WhiteRD "48"]
[BlackElo "1685"]
[BlackRD "109"]
[GameID "369854"]

1. f4 b5 2. e4 Bb7 3. Nf3 Bxe4 4. Qe2 Nf6 5. d3 Bb7 6. Bd2 g6 7. Nc3 b4 8. Nb5 a6 9. Nbd4 Nc6 10. Nxc6 Bxc6
11. Bxb4 Rb8 12. c3 Bg7 13. O-O-O O-O 14. Bxe7 Bxf3 15. gxf3 Qc8 16. Bxf8 Bxf8 17. Qe5 Qb7 18. Rd2 Ba3 19. c4 Ng4 20. Qd4 Ne3
21. Be2 c5 22. Qc3 Nf5 23. Qxa3
1-0

[Event "BIrd 2014"]
[Site "SchemingMind.com"]
[Date "2014.12.06"]
[Round "-"]
[White "Michael Christensen"]
[Black "Mastermind_13"]
[Result "1-0"]
[WhiteCountry "GER"]
[BlackCountry "USA"]
[WhiteElo "1715"]
[WhiteRD "88"]
[BlackElo "1653"]
[BlackRD "77"]
[GameID "369855"]

1. f4 d5 2. Nf3 Nf6 3. e3 g6 4. Be2 Bg7 5. O-O O-O 6. d3 c6 7. Nbd2 Bg4 8. Qe1 Nbd7 9. h3 Bxf3 10. Nxf3 Qc7
11. Qg3 Nh5 12. Qf2 Nhf6 13. Nh2 e5 14. g4 exf4 15. exf4 c5 16. h4 d4 17. h5 gxh5 18. gxh5 Rae8 19. Qg2 Kh8 20. Kh1 Qd6
21. Qh3 Nd5 22. Bg4 N7f6 23. h6 Nxg4 24. hxg7+ Kxg7 25. Qxg4+ Kh8 26. Bd2 Rg8 27. Qh4 Re2 28. Rf2 Rxf2 29. Qxf2
1-0

[Event "BIrd 2014"]
[Site "SchemingMind.com"]
[Date "2014.12.06"]
[Round "-"]
[White "Mastermind_13"]
[Black "Michael Christensen"]
[Result "0-1"]
[WhiteCountry "USA"]
[BlackCountry "GER"]
[WhiteElo "1653"]
[WhiteRD "77"]
[BlackElo "1715"]
[BlackRD "88"]
[GameID "369856"]

1. f4 b5 2. Nf3 Bb7 3. e3 a6 4. Be2 d6 5. O-O Nf6 6. d3 Nbd7 7. Nbd2 e5 8. fxe5 dxe5 9. c4 Bc5 10. Nb3 Bb6
11. Kh1 O-O 12. cxb5 axb5 13. a3 Re8 14. e4 Nc5 15. Nxc5 Bxc5 16. b4 Bb6 17. Bb2 Ng4 18. Bc1 Nf2+ 19. Rxf2 Bxf2 20. Bg5 Qd6
21. Qb3 Bd4 22. Rc1 h6 23. Bh4 Be3 24. Rc2 Ra6 25. Be1 Rea8 26. Ra2 Bc1 27. Bc3 Rxa3 28. Rxa3 Rxa3
0-1